000 00642nam a2200265Ia 4500
005 20260121165021.0
008 008 260114s9999 xx 000 0 eng d
020 _a9781137513922
037 _aEBOOK
040 _aCRL
040 _beng
040 _cCRL
041 _2eng
041 _aeng
084 _qCRL
100 _aJ. Fetzer
_91046502
245 0 _aOpen Borders and International Migration Policy
260 _bSpringer
260 _bSpringer
260 _c2016
856 _uhttps://link.springer.com/openurl?genre=book&isbn=978-1-137-51392-2
942 _cEBOOK
999 _c1612227
_d1612227